An Introduction to the Malaysia Legal System
| Main Author: | |
|---|---|
| Format: | Book |
| Published: |
Petaling Jaya :
Heineman education ,
c1982
|
| Edition: | Rev 3rd. ed. |
| Series: | Asian studies series
|
| Subjects: |
MARC
| LEADER | 00000cam a2200000 7i4500 | ||
|---|---|---|---|
| 001 | 0000000701 | ||
| 005 | 20060922.0 | ||
| 040 | |a INS | ||
| 090 | 0 | 0 | |a KPG14 |b WU 1982 |
| 100 | 0 | |a Wu Min Aun | |
| 245 | 1 | 3 | |a An Introduction to the Malaysia Legal System |c Wu Min Aun |
| 250 | |a Rev 3rd. ed. | ||
| 260 | |a Petaling Jaya : |b Heineman education , |c c1982 | ||
| 300 | |a xiip,195p ; |c 21cm. | ||
| 440 | 0 | |a Asian studies series | |
| 650 | 0 | 0 | |a Law |z Malaysia |
| 999 | |a 0000001445 |b BOOK |c Open Shelf |e Default branch | ||